000 00803nam a2200241 a 4500
003 CBULib
005 20240219092938.0
008 220711s1994 ||||||||||||||||| || u
040 _aCBULib
_bEnglish
_cCBULib
_erda
041 _aeng
050 _aCBU(058)GC/1994
110 _aThe Copperbelt University(CBU)
245 1 4 _aThe Copperbelt University third graduation ceremony
_c/ by The Copperbelt University(CBU)
260 _aKitwe :
_bCopperbelt University,
_c1994.
300 _a21 pages
336 _2rdacontent
_aText |
_btxt
337 _2rdamedia
_aUnmediated |
_bn
338 _2rdacarrier
_aVolume
_bnc
650 _aCOPPERBELT UNIVERSITY--GRADUATION CEREMONIES
650 _aCOPPERBELT UNIVERSITY--ANNUAL REPORTS
650 _aUNIVERSITIES AND COLLEGES--ZAMBIA
942 _2lcc
_c030
999 _c62509
_d62509